Mengenal rasul

Bibliographic Details
Main Author: Munir Ali
Format: Book
Published: Selangor : Sutrapadu , 2006
Series:Siri tauhid
Subjects:

MARC

LEADER 00000cam a2200000 7i4500
001 0000007370
005 20151222.0
008 070829
020 |a 9679352641(siri) 
020 |a 9679352676 
090 0 0 |a JF   |b REG MAL (8120) 
100 0 |a Munir Ali 
245 1 0 |a Mengenal rasul   |c Munir Ali 
260 |a Selangor :   |b Sutrapadu ,   |c 2006 
440 0 |a Siri tauhid 
500 |a Children ages 7-9 years old (orange) 
650 0 |a Islamic stories, Malay 
650 0 |a Junior fiction   |x Malay   |x Languages 
999 |a 0000938688   |b Book   |c Children Collection   |e Cawangan Tangkak 
999 |a 0000938689   |b Book   |c Children Collection   |e Cawangan Tangkak 
999 |a 0000938690   |b Book   |c Children Collection   |e Cawangan Tangkak 
999 |a 0000938692   |b Book   |c Children Collection   |e Cawangan Tangkak 
999 |a 0000983667   |b Book   |c Children Collection   |e Perbadanan Perpustakaan Awam Johor 
999 |a 0000983668   |b Book   |c Children Collection   |e Perbadanan Perpustakaan Awam Johor 
999 |a 0000983669   |b Book   |c Children Collection   |e Cawangan Sri Merlong 
999 |a 0000983670   |b Book   |c Children Collection   |e Cawangan Segamat 
999 |a 0000983671   |b Book   |c Children Collection   |e Cawangan Pontian